| Tag |
First Indicator |
Second Indicator |
Subfields |
| LEADER |
00000nam a2200000 i 4500 |
| 001 |
in00005677759 |
| 005 |
20260126163744.3 |
| 008 |
241004s2025 it a b 000 0dita d |
| 040 |
|
|
|a C3L
|b eng
|e rda
|c C3L
|d OCLCO
|d OCLCQ
|
| 020 |
|
|
|a 9788822923226
|
| 020 |
|
|
|a 8822923227
|
| 035 |
|
|
|a (OCoLC)1542814740
|
| 041 |
1 |
|
|a ita
|a eng
|h ita
|
| 043 |
|
|
|a e-it---
|
| 050 |
0 |
0 |
|a TR655
|b .M3636 2025
|
| 100 |
1 |
|
|a Mantovani, Fabio,
|d 1970-
|e photographer.
|
| 245 |
1 |
0 |
|a Fabio Mantovani :
|b sotto gli occhi di nessuno = under nobody's eyes /
|c a cura di Arianna Rinaldo.
|
| 264 |
|
1 |
|a Macerata :
|b Quodlibet,
|c [2025]
|
| 300 |
|
|
|a 127 pages :
|b color illustrations ;
|c 29 cm
|
| 336 |
|
|
|a still image
|b sti
|2 rdacontent
|
| 336 |
|
|
|a text
|b txt
|2 rdacontent
|
| 337 |
|
|
|a unmediated
|b n
|2 rdamedia
|
| 338 |
|
|
|a volume
|b nc
|2 rdacarrier
|
| 546 |
|
|
|a Text in Italian with English translation.
|
| 504 |
|
|
|a Includes bibliographical references (pages 104, 126).
|
| 650 |
|
0 |
|a Photography, Artistic.
|
| 650 |
|
0 |
|a Terrorism
|z Italy
|x History
|y 20th century
|v Pictorial works.
|
| 600 |
1 |
0 |
|a Mantovani, Fabio,
|d 1970-
|
| 650 |
|
6 |
|a Photographie artistique.
|0 (CaQQLa)201-0048937
|
| 650 |
|
7 |
|a art photography.
|2 aat
|0 (CStmoGRI)aat300178594
|
| 700 |
1 |
|
|a Rinaldo, Arianna,
|d 1971-
|e editor.
|
| 852 |
8 |
|
|b POD
|z This title is available for the library to purchase for your use. Click the "Purchase It For Me" button to place a request. This item will take 5-10 business days to arrive.
|
| 955 |
|
|
|a Print PDA title
|
| 961 |
|
|
|m 565730
|
| 999 |
f |
f |
|i 7095eae8-5ac7-402b-9e60-2fef8213030a
|s b3dc8ddb-4c2b-4523-8aea-e2565dc9f433
|t 0
|
| 952 |
f |
f |
|a Texas A&M University
|b College Station
|c Sterling C. Evans Library
|s Evans POD
|d Purchase on Demand
|t 0
|e TR655 .M3636 2025
|h Library of Congress classification
|
| 998 |
f |
f |
|a TR655 .M3636 2025
|t 0
|l Purchase on Demand
|